000 00502nam a22001817a 4500
003 OSt
005 20240401092203.0
008 240401b |||||||| |||| 00| 0 eng d
020 _a9781138140677
040 _cn
082 _a721 D768 2016
100 _aDraycott, Trevor
245 _aStructural elements design manual /
_cTrevor Draycott (Author)
260 _bRoutledge, London, 2016
300 _a235 pages, 25 cm.
650 _z Constructions Calcul ! Structural design
942 _2ddc
_cBK-EN
_n0
999 _c6661
_d6661